000 00325nam a2200133Ia 4500
008 240624s9999 xx 000 0 und d
041 _aeng
082 _a823 MAR
100 _aMARQUEZ GABRIEL GARCIA
245 _aSTRANGE PILGRIMS
260 _c1994
_aNew York
_bPenguin Books
300 _a188 : p. : cm. ; 20
365 _cRS
999 _c22712
_d22712